000 00423nam a2200169 a 4500
001 0000-9278
003 ELIB.Books
008 110520 1976
035 _a(ELIB.Books)0000-9430
082 _a220.66
_bPat
100 _aPatte, Daniel
245 _aWhat is Structural Exegesis?
260 _bPhiladelphia; Fortress Press
_c1976
650 _aBible
942 _2ddc
_cBK
998 _cbat
_e2011-05-20
999 _c9278
_d9278